Provincias de Argentina por Fronteras - Estadísticas

Estadísticas generales
  • Esta prueba ha sido intentada 203 veces
  • La puntuación promedio es 23 de 24
Respuestas en el mapa
Las respuestas están codificadas por una escala verde-roja en el mapa de la prueba según el % correcto abajo.
 
Estadísticas de respuestas
Province % Correcto
Buenos Aires
100%
Córdoba
100%
Entre Ríos
100%
La Pampa
100%
Rio Negro
100%
Santa Fe
100%
San Luis
98%
Santiago del Estero
98%
Catamarca
97%
Chaco
97%
La Rioja
97%
Mendoza
97%
Neuquén
97%
Salta
97%
Corrientes
96%
Jujuy
95%
San Juan
95%
Tucumán
95%
Ciudad de Buenos Aires
94%
Formosa
94%
Chubut
93%
Misiones
93%
Santa Cruz
92%
Tierra del Fuego
90%
No se encontraron pruebas coincidentes
Distribución de puntuación
Porcentaje de gente con cada puntuación
Porcentaje por número respondido
Historial de tus puntuaciones
No has intentado esta prueba.